000 02642 a2200229 4500
999 _c11047
_d11047
020 _a9781529718539
050 _aB809.2
_bCHA 2022
100 _aChatfield, Tom
_eauthor
245 _aCritical thinking :
_byour essential guide /
_cTom Chatfield
264 _aCalifornia :
_bSAGE,
_c 2022
300 _aviii, 370 pages :
_billustrations (colour)
336 _2rdacontent
_atext
_btxt
337 _2rdamedia
_aunmediated
_bn
338 _2rdacarrier
_avolume
_bnc
504 _aIncludes bibliographical references and index
505 _aWelcome to the book! -- What is critical thinking (and why does it matter?) -- Part I. The art and science of being reasonable. Understanding the reasons behind things -- Spelling out arguments and assumptions -- Reasoning with logic and certainty -- Reasoning with observation and uncertainty -- Developing explanations and theories -- Assessing evidence and planning your reading strategy -- Part II. Being reasonable in an unreasonable world. Getting to grips with rhetoric -- Seeing through faulty reasoning -- Understanding cognitive bias -- Overcoming bias in yourself and others -- Thinking critically about technology -- Putting it all togeth: critical thinking in study, work and life
520 _aWhat is critical thinking? How do you apply it in your assessments? How do you build a good argument or find evidence? Critical thinking is a set of techniques. You just need to learn them. This is your personal toolkit for demystifying critical thinking. Clear and focused, it shows you how to sharpen your ability to think critically by developing and honing your skills. You'll learn how to: Build a solid argument and express your ideas clearly; Evaluate evidence and identify errors; Understand and account for biased or flawed thinking; Become a savvy user of technology; Sift through the deluge of digital information; Develop confident critical writing. Designed to work with a power pack of digital resources and exercises, you'll find practical and effective tools to think and write critically in an information-saturated age. Whether you're starting your first degree or arriving as an international or mature student, this book equips you with the skills, insights and confidence to succeed. This second edition has been redesigned and fine-tuned with a focus on accessibility: with a new and improved layout to improve the eBook experience, and updated language, examples and further reading recommendations throughout."--Publisher's website
650 _aCritical thinking
650 _aLogic Reasoning
650 _aThinking
942 _2lcc
_cBK
_e2nd ed.
_h809.2
_iCHA
_kB